Państwa w których byłem - Statystyki

Ogólne statystyki
  • Ten quiz został rozwiązany 59 razy
  • Średni wynik to 7 z 9
Statystyki odpowiedzi
Powierzchnia Odpowiedź % Poprawnych
1. 312 685 km2 Polska
98%
6. 78 871 km2 Czechy
88%
9. 49 035 km2 Słowacja
87%
7. 56 594 km2 Chorwacja
75%
4. 93 025 km2 Węgry
73%
5. 88 499 km2 Serbia
69%
3. 110 994 km2 Bułgaria
67%
2. 238 391 km2 Rumunia
67%
8. 51 209 km2 Bośnia i Hercegowina
63%
Nie znaleziono quizów pasujących do podanych kryteriów
Rozkład punktacji
Procent ludzi z każdym wynikiem
Percentyl według liczby udzielonych odpowiedzi
Twoja historia wyników
Nie rozwiązałeś tego quizu